| 000 | 01443cam a22003614a 4500 | ||
|---|---|---|---|
| 001 | 13217785 | ||
| 003 | OSt | ||
| 005 | 20240710110355.0 | ||
| 008 | 030530s2004 enka b 001 0 eng | ||
| 010 | _a 2003012385 | ||
| 020 | _a0415319277 (hardback : alk. paper) | ||
| 020 | _a0415319285 (pbk. : alk. paper) | ||
| 035 | _a(OCoLC)ocm52349153 | ||
| 040 | _cmust | ||
| 042 | _apcc | ||
| 050 | 0 | 0 |
_aHM851 _b.I534 2004 |
| 082 | 0 | 0 |
_a303.4833 INF 2004 _221 |
| 084 |
_a05.20 _2bcl |
||
| 245 | 0 | 4 |
_aThe information society reader / _cedited by Frank Webster ; with the assistance of Raimo Blom ... [et al.]. |
| 260 |
_aLondon ; _aNew York : _bRoutledge, _c2004. |
||
| 300 |
_axii, 449 p. : _bill. ; _c25 cm. |
||
| 440 | 0 |
_aRoutledge student readers _918613 |
|
| 504 | _aIncludes bibliographical references and index. | ||
| 650 | 0 |
_aInformation society. _918614 |
|
| 650 | 0 |
_aInformation technology _xSocial aspects. _918615 |
|
| 700 | 1 |
_aWebster, Frank. _918616 |
|
| 700 | 1 |
_aBlom, Raimo. _918617 |
|
| 856 | 4 | 1 |
_3Table of contents only _uhttp://www.loc.gov/catdir/toc/ecip044/2003012385.html |
| 856 | 4 | 2 |
_3Publisher description _uhttp://www.loc.gov/catdir/enhancements/fy0665/2003012385-d.html |
| 906 |
_a7 _bcbc _corignew _d1 _eecip _f20 _gy-gencatlg |
||
| 942 |
_2ddc _cO_SHELF |
||
| 999 |
_c9141 _d9141 |
||